Largest Tram/Light Rail Networks in the World - Statistics

General Stats
  • This quiz has been taken 105 times
  • The average score is 15 of 25
Answer Stats
# Network Length Routes/Lines Stops/Stations Region Answer % Correct
1 250km 24 1,763 Oceania Melbourne
96%
4 190km 22 ~800 Europe Berlin
88%
7 181km 40 --- Europe Moscow
88%
8 176.9km 30 1,071 Europe Vienna
83%
2 205.5km 41 --- Europe Saint Petersburg
80%
9 174km 38 630 Europe Budapest
78%
13 150km 25 543 Europe Warsaw
78%
17 142.4km 34 600 Europe Prague
77%
11 160.3km 40 --- Europe Kiev
74%
6 181.8km 17 --- Europe Milan
70%
16 143.9km 25 785 Europe Bucharest
67%
18 140.6km 18 --- Europe Brussels
63%
21 132.2km 19 222 Europe Frankfurt
61%
19 134.3km 4 82 North America Los Angeles
61%
3 198.5km 12 233 Europe Cologne
59%
12 154km 14 165 Europe Sofia
57%
23 130km 15 203 Europe Stuttgart
55%
22 131.4km 6 99 Europe Oslo
54%
15 146.5km 18 339 Europe Dusseldorf
46%
20 132.7km 12 154 Europe Dresden
45%
14 148.3km 13 510 Europe Leipzig
39%
10 161.34km 7 111 North America Dallas
34%
25 124.1km 24 230 Europe Łódź
28%
5 182km 27 227 Europe Riga
24%
24 125.32km 9 89 Europe Bonn
20%
No matching quizzes found
Score Distribution
Percent of People with Each Score
Percentile by Number Answered
Your Score History
You have not taken this quiz